Matemática para la educación primaria; preescolar /
Guardado en:
| Autor Principal: | |
|---|---|
| Formato: | Libro |
| Publicado: |
Bogotá :
Fondo Educativo Interamericano,
1968
|
| Materias: | |
| Etiquetas: |
Agregar Etiqueta
Sin Etiquetas, Sea el primero en etiquetar este registro!
|
| LEADER | 00549nam a22001815a 4500 | ||
|---|---|---|---|
| 001 | CEM.cems002227 | ||
| 005 | 20060216000000.0 | ||
| 008 | 130507s1968##################000#0#####d | ||
| 003 | CEMS | ||
| 082 | 0 | 4 | |a 372.21 |
| 100 | 1 | |a Eicholz, Robert E. | |
| 245 | 1 | 0 | |a Matemática para la educación primaria; preescolar / |
| 260 | |a Bogotá : |b Fondo Educativo Interamericano, |c 1968 | ||
| 300 | |a 80 p. | ||
| 653 | |a Educacion | ||
| 653 | |a Escuela primaria | ||
| 653 | |a Matematica-enseñanza | ||
| 859 | |a CEMS |b BIB. CEMS - 11 de abril |h 372.21 |i Ei |p 13536.85 |t Ej.1 |v 24 |3 24 | ||
